000 00621nam a2200253Ia 4500
003 OSt
005 20220912151545.0
006 a|||||r|||| 00| 0
007 ta
008 220909b |||||||| |||| 00| 0 eng d
024 _a57317
037 _cTextual
040 _aCSL
_beng
_cCSL
041 _aeng
082 _aK92:4, L3 CS
100 _aDuijn C Van
245 0 _aDiseases of fishes
260 _aLondon
_bIliffee Books
_c1973
300 _a372p.
_ccm.
650 _a Vertebrate
650 _aZoology
942 _hK92:4, L3 CS
_cTEXL
_2CC
999 _c71251
_d71251